Normal view
MARC view
Entry Nombre personal
001 - NÚMERO DE CONTROL
- campo de control: 205543
003 - IDENTIFICADOR DE NÚMERO DE CONTROL
- campo de control: $$amxdfmo
005 - FECHA Y HORA DE LA ÚLTIMA TRANSACCIÓN
- campo de control: 20250610102252.0
008 - ELEMENTOS DE DATO DE LONGITUD-FIJA
- campo de control de longitud fija: 080911na|ac|||aab||||||||||||a||aa|||||d
040 ## - FUENTE DE CATALOGACIÓN
- Centro catalogador/agencia de origen: mxdfmo
- Lengua de catalogación: spa
- Centro/agencia transcriptor: mxdfmo
100 1# - ENCABEZAMIENTO-NOMBRE DE PERSONA
- Nombre de persona: Tôrres, Heloísa Alberto
400 1# - TRAZADO DE VÉASE--NOMBRE DE PERSONA
- Nombre de persona: Alberto Tôrres, Heloísa
670 ## - FUENTE DE DATOS ENCONTRADOS
- Cita de la fuente: Indios: grau de integração na comunidade nacional: grupo linguístico: localização, 1964:
- Información encontrada: pref. (Heloísa Alberto Tôrres)
670 ## - FUENTE DE DATOS ENCONTRADOS
- Cita de la fuente: Cat. Ant. Bibliomora, sept. 11, 2008:
- Información encontrada: (Alberto Tôrres, Heloísa)